[Event "Ceriano Laghetto Autunno op"]
[Site "Ceriano Laghetto"]
[Date "2006.11.28"]
[Round "4"]
[White "Gallavotti, Eugenio"]
[Black "Regorda, Vittorio"]
[Result "0-1"]
[WhiteElo "1715"]
[BlackElo "1885"]
[PlyCount "56"]
[EventDate "2006.11.07"]
[EventType "swiss"]
[EventRounds "6"]
[EventCountry "ITA"]
[SourceTitle "EXT 2011"]
[Source "ChessBase"]
[SourceDate "2010.11.26"]
[SourceVersion "1"]
[SourceVersionDate "2010.11.26"]
[SourceQuality "1"]

1. e4 e6 2. d4 d5 3. Nc3 Bb4 4. e5 Ne7 5. a3 Bxc3+ 6. bxc3 c5 7. Qg4 0-0 8. dxc5 Nbc6 9. Nf3 Qa5 10. Bd2 Qxc5 11. Bd3 f5 12. exf6 Rxf6 13. Bxh7+ Kxh7 14. 0-0 e5 15. Qh5+ Kg8 16. Ng5 Bf5 17. g4 Bg6 18. Qh3 Raf8 19. Qh4 Bxc2 20. Nh3 Bd3 21. Rfd1 Rf3 22. Be1 Ng6 23. Qh5 Nf4 24. Nxf4 R8xf4 25. Ra2 Qc4 26. Rb2 Rxg4+ 27. Kh1 Qe4 28. h3 Rxh3# 0-1

[Event "Ceriano Laghetto Autunno op"]
[Site "Ceriano Laghetto"]
[Date "2006.11.14"]
[Round "2"]
[White "Gallavotti, Eugenio"]
[Black "Colombo, Fabio"]
[Result "0-1"]
[WhiteElo "1715"]
[BlackElo "1793"]
[PlyCount "93"]
[EventDate "2006.11.07"]
[EventType "swiss"]
[EventRounds "6"]
[EventCountry "ITA"]
[SourceTitle "EXT 2011"]
[Source "ChessBase"]
[SourceDate "2010.11.26"]
[SourceVersion "1"]
[SourceVersionDate "2010.11.26"]
[SourceQuality "1"]

1. e4 e5 2. Nf3 Nc6 3. Bb5 a6 4. Ba4 Nf6 5. 0-0 Be7 6. Bxc6 dxc6 7. Nxe5 Nxe4 8. Re1 Qd4 9. Qe2 Qxe5 10. Qxe4 Qxe4 11. Rxe4 Bf5 12. Rc4 0-0-0 13. d3 Bf6 14. g4 Be6 15. Ra4 Rhe8 16. g5 Be7 17. Be3 f6 18. h4 Bf7 19. Nd2 Bh5 20. Ne4 h6 21. Ng3 Bf3 22. gxh6 gxh6 23. Bxh6 Rh8 24. Be3 Rdg8 25. Rf4 Bd5 26. c4 Bd6 27. cxd5 Bxf4 28. Bxf4 Rxh4 29. Be3 f5 30. dxc6 f4 31. cxb7+ Kxb7 32. Bxf4 Rxf4 33. Re1 Rf3 34. d4 Rd3 35. Re4 Rd2 36. b4 Rxa2 37. Kf1 Rb2 38. d5 Rd8 39. Rd4 Kb6 40. Ne4 Rf8 41. d6 cxd6 42. Rxd6+ Kb5 43. Rd4 Rxb4 44. Rd5+ Kc4 45. Rd6 a5 46. Nd2+ Kc5 47. Ne4+ 0-1

[Event "Bratto Gorgonzola op-B"]
[Site "Bratto"]
[Date "2006.08.24"]
[Round "5"]
[White "Bonotto, Giorgio"]
[Black "Gallavotti, Eugenio"]
[Result "1-0"]
[WhiteElo "1918"]
[BlackElo "1705"]
[PlyCount "119"]
[EventDate "2006.08.20"]
[EventType "swiss"]
[EventRounds "8"]
[EventCountry "ITA"]
[SourceTitle "EXT 2008"]
[Source "ChessBase"]
[SourceDate "2007.11.25"]
[SourceVersion "1"]
[SourceVersionDate "2007.11.25"]
[SourceQuality "1"]

1. e4 c5 2. Nf3 a6 3. c4 h6 4. Nc3 Nc6 5. d4 cxd4 6. Nxd4 Nf6 7. Be3 Rb8 8. Be2 e5 9. Nc2 Nb4 10. 0-0 b6 11. a3 Nxc2 12. Qxc2 Bb7 13. f3 Bc5 14. Qd2 0-0 15. Rfd1 Bc6 16. b4 Bxe3+ 17. Qxe3 b5 18. c5 Nh5 19. g3 f5 20. exf5 Rxf5 21. Ne4 Bxe4 22. Qxe4 Rg5 23. Kf2 Nf6 24. Qe3 Qf8 25. Kg2 Re8 26. Rd6 e4 27. f4 Nd5 28. Qb3 Qf7 29. Kh1 Rf5 30. Bg4 Nc7 31. Qxf7+ Rxf7 32. Rxd7 Rxd7 33. Bxd7 Re7 34. c6 e3 35. Kg2 Kf7 36. f5 Kf6 37. Kf3 e2 38. Re1 Nd5 39. Rxe2 Rxe2 40. Kxe2 g6 41. g4 gxf5 42. gxf5 Ke7 43. Kf3 Kd6 44. Ke4 Nf6+ 45. Kd4 h5 46. h4 Nd5 47. Ke4 Nf6+ 48. Kf4 Ke7 49. Kg5 Ne8 50. Kxh5 Nf6+ 51. Kg6 Nd5 52. Kg7 Nf6 53. Be6 Ne8+ 54. Kg6 Kf8 55. f6 Nc7 56. Bb3 Ne8 57. h5 Nd6 58. c7 Ke8 59. Be6 Kf8 60. h6 1-0

[Event "Cesenatico op 9th"]
[Site "Cesenatico"]
[Date "2004.09.04"]
[Round "1"]
[White "Kemeny, Matthias"]
[Black "Gallavotti, Eugenio"]
[Result "1/2-1/2"]
[WhiteElo "2074"]
[BlackElo "1440"]
[PlyCount "134"]
[EventDate "2004.09.04"]
[EventType "swiss"]
[EventRounds "9"]
[EventCountry "ITA"]
[SourceTitle "EXT 2007"]
[Source "ChessBase"]
[SourceDate "2006.11.23"]
[SourceVersion "1"]
[SourceVersionDate "2006.11.23"]
[SourceQuality "1"]

1. e4 e5 2. Nf3 Nc6 3. Bb5 a6 4. Ba4 Nf6 5. 0-0 b5 6. Bb3 Nxe4 7. d4 exd4 8. Re1 d5 9. Nxd4 Nxd4 10. Qxd4 Be6 11. c3 Bc5 12. Qxg7 Bxf2+ 13. Kf1 Rf8 14. Bh6 Qd6 15. Rxe4 dxe4 16. Kxf2 0-0-0 17. Qf6 Rfe8 18. Nd2 Qc5+ 19. Kf1 e3 20. Nf3 e2+ 21. Ke1 Bxb3 22. Qxa6+ Kb8 23. axb3 Rd1+ 24. Rxd1 exd1Q+ 25. Kxd1 Re6 26. Qa3 Qxa3 27. bxa3 Rxh6 28. Kd2 Rd6+ 29. Kc2 Rg6 30. Nh4 Rg4 31. g3 c5 32. Kd3 c4+ 33. bxc4 Rxc4 34. Nf5 Rc5 35. Nd4 Kc7 36. Ne2 Kb6 37. Nd4 Re5 38. Nf3 Rf5 39. Ke3 Ka5 40. Nd2 Ka4 41. c4 Kxa3 42. cxb5 Rxb5 43. Ne4 Re5 44. Kf4 Re7 45. Nf6 h6 46. Ng8 Re6 47. Kg4 Rg6+ 48. Kh5 Rxg8 49. Kxh6 Rg6+ 50. Kh5 Kb4 51. g4 Re6 52. h4 Kc5 53. Kg5 Rg6+ 54. Kf5 Rh6 55. h5 Kd6 56. Kg5 Rh7 57. Kf6 Kd7 58. h6 Ke8 59. g5 Kf8 60. Kf5 f6 61. Kxf6 Kg8 62. Kf5 Rf7+ 63. Kg6 Rf3 64. Kh5 Kh7 65. g6+ Kg8 66. Kg4 Rf1 67. Kg5 Rf2 1/2-1/2